| 000 | 01082cam a2200229 a 4500 | ||
|---|---|---|---|
| 082 |
_a526.3 _bCOL |
||
| 110 | 2 |
_aRoyal Geographical Society (Great Britain) _949893 |
|
| 245 | 1 | 0 |
_aHints to travellers : _bscientific and general / _cby E. A. Reeves. |
| 250 | _a10th ed., revised and corrected from the ninth edition edited for the Council of the Royal Geographical Society. | ||
| 260 |
_aLondon : _bThe Royal Geographical Society, _c1921. |
||
| 300 |
_a2 v. : _bill., maps (part fold.) tables, diagrs. (part fold) ; _c18 cm. |
||
| 500 | _aIncludes index. | ||
| 500 | _aTwo folded maps and 2 folded diagrams in pocket found in Vol. 1. | ||
| 505 | 0 | _aI. Surveying and practical astronomy.--II. Meteorology, photography, geology, natural history, anthropology, industry and commerce, archaeology, medical, etc. | |
| 526 |
_a0 _b0 _c0 _d526_300000000000000_COL |
||
| 650 | 0 |
_aMCE _9379 |
|
| 650 | 0 |
_aScientific expeditions _93810 |
|
| 650 | 0 |
_aSpherical astronomy. _939574 |
|
| 650 | 0 |
_aTopographical surveying. _939548 |
|
| 700 | 1 |
_aReeves, Edward Ayearst, _949894 |
|
| 942 |
_2ddc _cBK |
||
| 999 |
_c552639 _d552639 |
||